Základy modernej ekonómie

Bibliographic Details
Main Authors: Hontyová, Kajetana, 1948- (Author), Lisý, Ján, 1950- (Author)
Format: Book
Language:Slovak
PhysicalDescription:152 s. Grafy, sch. 20 cm
Published: Bratislava Elita 1994
ISBN:8085323605
Edition:1. vyd.

MARC

LEADER 00000nam a2200000 a 4500
001 vtls001076155
003 SK-MaSNL
005 20260302063931.0
008 250414s1994 xo 0 slo
015 |a SNBA1994/09 
020 |a 8085323605 
035 |a SNK000018988 
040 |a SNK  |b slo  |c SNK  |e AACR2 
041 0 |a slo 
044 |a xo  |c SK 
080 |a 330.1(035)  |2 1981 
100 1 |a Hontyová, Kajetana,  |d 1948-  |4 aut  |9 39493 
245 1 0 |a Základy modernej ekonómie  |c Kajetana Hontyová, Ján Lisý 
250 |a 1. vyd. 
260 |a Bratislava  |b Elita  |c 1994 
300 |a 152 s.  |b Grafy, sch.  |c 20 cm 
700 1 |a Lisý, Ján,  |d 1950-  |4 aut  |9 216186 
852 |a Slovenská národná knižnica 
919 |a 80-85323-60-5 
958 |a APR 
958 |a TL 
999 |c 1134880  |d 1136810 
952 |t P60, <03>, [BOOK], {603}  |a SNK  |b SNK  |y PREZ  |7 0  |p 17A0211545  |o snkSC 86506  |0 0  |1 0  |4 0  |d 1999-09-27  |l 0  |r 2004-12-31 00:00:00  |w 2026-02-24